[Event "ISL-chT 1516"]
[Site "Reykjavik"]
[Date "2015.09.24"]
[Round "1.2"]
[White "Eymundsson, Eymundur"]
[Black "Birkisson, Bjorn Holm"]
[Result "1/2-1/2"]
[WhiteElo "1716"]
[BlackElo "1907"]
[PlyCount "90"]
[EventDate "2015.09.24"]
[EventType "team-tourn"]
[EventRounds "9"]
[EventCountry "ISL"]
[SourceTitle "EXT 2017"]
[Source "ChessBase"]
[SourceDate "2016.10.25"]
[SourceVersion "1"]
[SourceVersionDate "2016.10.25"]
[SourceQuality "1"]
[WhiteTeam "Akureyri II"]
[BlackTeam "Reykjavik II"]
[WhiteTeamCountry "ISL"]
[BlackTeamCountry "ISL"]

1. e4 e6 2. f4 d5 3. e5 c5 4. Nf3 Nc6 5. d3 Nge7 6. c3 Qb6 7. Na3 h5 8. Nc2 Nf5 9. Qd2 d4 10. c4 a5 11. g3 Nb4 12. Qe2 Bd7 13. Bg2 Bc6 14. Rg1 Nxc2+ 15. Qxc2 a4 16. Kf2 Qa6 17. Bd2 b5 18. Nh4 Nxh4 19. Bxc6+ Qxc6 20. gxh4 b4 21. Qd1 g6 22. Qf3 Qxf3+ 23. Kxf3 Be7 24. Be1 0-0 25. Bg3 Kg7 26. Rae1 Rae8 27. Re4 Bd8 28. Rge1 Ba5 29. R1e2 Bc7 30. Kg2 b3 31. a3 f5 32. exf6+ Rxf6 33. Re1 Kf7 34. Rf1 Ke7 35. Be1 Ref8 36. Bg3 Kd7 37. Rf2 e5 38. fxe5 Rxf2+ 39. Bxf2 Ke6 40. Bg3 Rf5 41. Bf4 Bxe5 42. Rxe5+ Rxe5 43. Bxe5 Kxe5 44. Kg3 Kf5 45. Kf3 Ke5 1/2-1/2